"Zu Hause" Deutsch Vocab Quiz - Statistics

General Stats
  • This quiz has been taken 84 times
  • The average score is 15 of 39
Answer Stats
Hint Answer % Correct
to work arbeiten
66%
House das Haus
65%
Bed das Bett
60%
to stay bleiben
58%
to search suchen
58%
Dark dunkel
56%
to cook kochen
56%
Window das Fenster
53%
Chair der Stuhl
52%
Kitchen die Küche
52%
to use benutzen
48%
Living Room das Wohnzimmer
45%
Balcony der Balkon
45%
Mirror der Spiegel
45%
Bedroom das Schlafzimmer
42%
Stairs die Treppe
42%
to clean putzen
42%
to live wohnen
42%
Bright hell
40%
Sofa das Sofa
39%
to relax entspannen
39%
Bathroom das Badezimmer
35%
Shower die Dusche
35%
Cozy gemütlich
34%
to tidy aufräumen
32%
Basement der Keller
32%
Bathtub die Badewanne
27%
Desk der Schreibtisch
26%
Old fashioned altmodisch
24%
Side Table/Nightstand der Nachttisch
24%
Armchair der Sessel
24%
Bathroom (No Shower) die Toilette
24%
Bookshelf das Bücherregal
21%
Yard der Garten
21%
to sleep in _ ausschlafen
16%
Oven der Backofen
15%
Attic der Dachboden
13%
Stove der Herd
11%
Sink das Spülbecken
8%
No matching quizzes found
Score Distribution
Percent of People with Each Score
Percentile by Number Answered
Your Score History
You have not taken this quiz